000
00324nam a2200121Ia 4500
008
180219s9999 xx 000 0 und d
020
_a
71122648
100
_a
Seeley, Rod R.
245
_a
Essentials of anatomy and physiology /
250
_a
4th ed
260
_a
New york City
_b
McGraw Hill
_c
2002
300
_a
iii, 644 pages
999
_c
356001
_d
356001